000 01091nam a2200385 a 4500
003 AR-BaBNM
005 20251128205032.0
008 082120s2002 ||||||||||||||000 | spa||
020 _a950-500-045-6
040 _cAR-BaBNM
100 1 _aTavarone, Domingo
245 0 0 _aFundamentos de lingüística
_bpara maestros y estudiantes de magisterio
250 _a3ª ed.
260 _aBuenos Aires
_bGuadalupe
_c1992
300 _a351 p.
_bil.
490 0 _aBiblioteca pedagógica. Metodología de la enseñanza
500 _aEdición revisada y actualizada
650 4 _aMODELOS LINGÜISTICOS
650 4 _aTEORIA LINGÜISTICA
650 4 _aTIPOLOGIA DEL LENGUAJE
650 4 _aLINGÜISTICA COMPARADA
650 4 _aESTRUCTURALISMO
650 4 _aFORMACION DE DOCENTES
650 4 _aANALISIS LINGÜISTICO
650 4 _aGRAMATICA
650 4 _aFONOLOGIA
650 4 _aSEMANTICA
650 4 _aSINTAXIS
650 4 _aORTOGRAFIA
653 _aENSENANZA DE LA LENGUA
653 _aEDUCACION PRIMARIA
653 _aEDUCACION SECUNDARIA
942 _cBK
998 _cisola
999 _c9731
_d9731